The Essence of Change /
Bewaard in:
| Hoofdauteur: | |
|---|---|
| Formaat: | Sách giấy |
| Taal: | English |
| Gepubliceerd in: |
Englewood Cliffs, New Jersey :
Prentice-Hall ,
1994
|
| Tags: |
Voeg label toe
Geen labels, Wees de eerste die dit record labelt!
|
| Thư viện lưu trữ: | Thư viện Trường Đại học Đà Lạt |
|---|
| LEADER | 00567nam a2200241 4500 | ||
|---|---|---|---|
| 001 | DLU020001010 | ||
| 005 | ##1/14/1999 | ||
| 020 | # | # | |a 0-13-030222-8 |
| 041 | # | # | |a eng |
| 082 | # | # | |a 658.406 |b CL-L |
| 100 | # | # | |a Clarke, Liz |
| 245 | # | # | |a The Essence of Change / |c Liz Clarke |
| 260 | # | # | |a Englewood Cliffs, New Jersey : |b Prentice-Hall , |c 1994 |
| 300 | # | # | |a X, 202 tr.; |c 23 cm. |
| 992 | # | # | |a 8000 |
| 994 | # | # | |a DLU |
| 900 | # | # | |a False |
| 911 | # | # | |a Administrator |
| 925 | # | # | |a G |
| 926 | # | # | |a A |
| 927 | # | # | |a SH |
| 980 | # | # | |a Thư viện Trường Đại học Đà Lạt |


